Occupational health hazards of women workers (Record no. 4893)

MARC details
000 -LEADER
fixed length control field 00422nam a2200145 4500
008 - FIXED-LENGTH DATA ELEMENTS--GENERAL INFORMATION
fixed length control field 240527b |||||||| |||| 00| 0 eng d
020 ## - ISBN
ISBN 9559052365
082 ## - DEWEY DECIMAL CLASSIFICATION NUMBER
Classification number 331.4
Item number OCC
942 ## - ADDED ENTRY ELEMENTS (KOHA)
Item Type Reports
245 ## - TITLE STATEMENT
Title Occupational health hazards of women workers
260 ## - PUBLICATION, DISTRIBUTION, ETC. (IMPRINT)
Place of Publication [Colombo]:
Name of Publisher Centre for women's research,
Date of Copyright 1993
300 ## - PHYSICAL DESCRIPTION
Extent 173 p.
650 ## - SUBJECT ADDED ENTRY--TOPICAL TERM
Topical Term OCCUPATIONAL HEALTH-Women-Sri Lanka
650 ## - SUBJECT ADDED ENTRY--TOPICAL TERM
Topical Term Health hazards-Women labour
Holdings
Withdrawn status Lost status Source of classification or shelving scheme Damaged status Not for loan Permanent location Current location Date acquired Total Checkouts Full call number Barcode Date last seen Price effective from Koha item type
    Dewey Decimal Classification     Resource center, Muslim Women's Research And Action Forum Resource center, Muslim Women's Research And Action Forum 2024-05-27   331.4 OCC RAF5254 2024-05-27 2024-05-27 Reports

Copyright © 2023 Muslim Women's Research and Action Forum (MWRAF), No 27/3, Anderson Road, Kalubowila, Dehiwela. Funded by The Asia Fundation